000 01032nam a2200313 i 4500
003 EG-GICUC
005 20260423205841.0
008 260423s1960 it |||f |||| 001 0 ita d
040 _aEG-GiCUC
_bita
_cEG-GiCUC
_dEG-GiCUC
_erda
041 _aita
082 0 4 _221
_a343.662
_bAL . C
092 0 4 _221
099 _aLaw1 10 343.662 AL . C 1960 1011268 V2, C1
100 1 _aAltavilla, Enrico
_eAuthor.
245 1 0 _aLa Condotta Αnomala Nel Diritto Civile E Nel Diritto Penale.
_nII,
_pAnormalità E Morbosità /
_cEnrico Altavilla.
264 1 _aTorinese :
_bUnione Tipografico-editrice,
_c1960.
300 _a531 pages ;
_c24 cm
336 _2rda content
_atext
337 _2rda media
_aComputer
338 _2rda carrier
_aOnline Resource
500 _aIndex pages : 506-531.
546 _a Text in Italian
650 1 4 _aCrimine gay
650 1 4 _aDiritto penale
651 1 _aItalia
_xLeggi e legislazione
856 4 0 _uhttps://fll.law.cu.edu.eg/fulltext/bks/B10-11268.pdf
905 _a164
942 _2ddc
_cBK
_e21
_n0
999 _c73174
_d73174